000 00305nam a22001337a 4500
008 171016b xxu||||| |||| 00| 0 eng d
020 _a9780071315685
041 _aeng
080 _25TH
_a331.101.262
100 _a52
101 _aBNJ
245 _aORGANIZATIONAL BEHAVIOR
_cKINICKI,A
942 _2udc
_cBK
999 _c34192
_d34192